|
|
|
|
| LEADER |
00000nab a2200000 a 4500 |
| 001 |
vtls000036658 |
| 003 |
SK-MaSNL |
| 005 |
20260426074749.0 |
| 008 |
250422c1979 xo 0 slo |
| 015 |
|
|
|a SNBRB19rr/mm-uuuuu
|
| 035 |
|
|
|a CL0046753
|
| 035 |
|
|
|a urn:nbn:sk:snk-aba6c6
|
| 035 |
|
|
|a (urnnbn)urn:nbn:sk:snk:ar-a09i1h
|
| 035 |
|
|
|a (uuid)b40d0afe-b5d4-476a-8030-14f2c362c380
|
| 040 |
|
|
|a SNKBUCL
|b slo
|c SNKBUCL
|e AACR2
|
| 041 |
0 |
|
|a ger
|
| 044 |
|
|
|a xo
|c SK
|
| 080 |
|
|
|a 903
|2 1981
|
| 080 |
|
|
|a 738
|2 1981
|
| 100 |
1 |
|
|a Dušek, Sigrid,
|d 1937-2009
|4 aut
|9 5724
|
| 245 |
1 |
0 |
|a Mineralogisch-archäologische Untersuchungen zur hallstattzeitlichen Drehscheibenkeramik der Südwestslowakei
|c Sigrid Dušek
|
| 300 |
|
|
|b Obr. 8. Res. rus.
|
| 650 |
0 |
7 |
|a keramika
|2 snkbucl
|9 3061
|
| 650 |
0 |
7 |
|a hrnčiarstvo
|2 snkbucl
|9 30594
|
| 650 |
0 |
7 |
|a doba halštatská
|2 snkbucl
|9 85773
|
| 651 |
|
7 |
|a Slovensko juhozápadné
|2 snkbucl
|9 56229
|
| 655 |
|
7 |
|a články z novín a časopisov
|2 snkbucl
|9 267496
|
| 773 |
0 |
|
|t Slovenská archeológia
|g Roč. 14, č. 1 (1979), s. 125-138
|
| 850 |
|
|
|a Slovenská národná knižnica
|
| 852 |
|
|
|a Slovenská národná knižnica
|
| 958 |
|
|
|a article13
|
| 958 |
|
|
|a RK
|
| 958 |
|
|
|a OND
|
| 958 |
|
|
|a EUIPO
|
| 992 |
|
|
|a RBX
|
| 999 |
|
|
|c 2749476
|d 2751406
|